Introduction à la psychopathologie de l'adulte (notice n° 1982931)

détails MARC
000 -LEADER
fixed length control field 01153cam a2200145 4500500
005 - DATE AND TIME OF LATEST TRANSACTION
control field 20260329043105.0
041 ## - LANGUAGE CODE
Language code of text/sound track or separate title fre
042 ## - AUTHENTICATION CODE
Authentication code dc
100 10 - MAIN ENTRY--PERSONAL NAME
Personal name Pewzner, Évelyne
Relator term author
245 00 - TITLE STATEMENT
Title Introduction à la psychopathologie de l'adulte
260 ## - PUBLICATION, DISTRIBUTION, ETC.
Name of publisher, distributor, etc. Armand Colin,<br/>
Date of publication, distribution, etc. 2011.<br/>
520 ## - SUMMARY, ETC.
Summary, etc. Cet ouvrage étudie les principales manifestations pathologiques que les psychiatres et psychologues rencontrent dans leur pratique. Les exemples cliniques et les textes présentés en font son originalité. Cette 3e édition tient compte des évolutions dans le champ de la thérapeutique (approches psychothérapeutiques nouvelles, médications récentes), mais aussi des évolutions législatives directement liées à l'évolution des idées et des représentations dans la société contemporaine. Evelyne Pewzner, psychiatre et psychothérapeute, est professeur honoraire de psychopathologie et psychologie clinique à l’université de Picardie Jules-Verne.
700 10 - ADDED ENTRY--PERSONAL NAME
Personal name Pewzner-Apeloig, Évelyne
Relator term author
856 41 - ELECTRONIC LOCATION AND ACCESS
Uniform Resource Identifier <a href="https://shs.cairn.info/introduction-a-la-psychopathologie-de-l-adulte--9782200271527?lang=fr&redirect-ssocas=7080">https://shs.cairn.info/introduction-a-la-psychopathologie-de-l-adulte--9782200271527?lang=fr&redirect-ssocas=7080</a>

Pas d'exemplaire disponible.

PLUDOC

PLUDOC est la plateforme unique et centralisée de gestion des bibliothèques physiques et numériques de Guinée administré par le CEDUST. Elle est la plus grande base de données de ressources documentaires pour les Étudiants, Enseignants chercheurs et Chercheurs de Guinée.

Adresse

627 919 101/664 919 101

25 boulevard du commerce
Kaloum, Conakry, Guinée

Réseaux sociaux

Powered by Netsen Group @ 2025